000 00515nam a2200169Ia 4500
008 090201s9999 xx 000 0 und d
010 _aKPL-70211
040 _bमराठी
041 _aमराठी
082 _a49787
_b70211
100 _aअंनत तिबिले
245 _aअग्निपथ
_cअंनत तिबिले
260 _c2006
_bपारस पब्लिकेशन्स्
300 _a240
_bलहान
600 _aअग्निपथ
942 _cBOOK
999 _c246342
_d246342